000 003200000a22001450004500
041 0 _aSPA
082 0 4 _aG 863 S173e
100 1 _aSalom Becerra, Alvaro
245 1 0 _aEl delfín / Alvaro Salom Becerra
250 _a14
260 _aBogotá, Colombia : Tercer Mundo
300 _a200 Pag
001 11077
942 _cBK
999 _c40448
_d40448